| 000 | 00584nam a22002177a 4500 | ||
|---|---|---|---|
| 003 | OSt | ||
| 005 | 20220107122859.0 | ||
| 008 | 201021b xxu||||| |||| 00| 0 eng d | ||
| 020 | _a9780367385743 | ||
| 040 | _cIIITMK | ||
| 082 | _a005.82 GRA/C | ||
| 100 |
_aGraham, James _918348 |
||
| 245 |
_aCyber fraud: _bTactics, techniques, and procedures |
||
| 260 |
_aBoca Raton, _bCRC Press, _c2009 |
||
| 300 | _axx, 500p. | ||
| 650 |
_aCOMPUTER SCIENCE _918349 |
||
| 650 |
_aCYBER SECURITY _918350 |
||
| 650 |
_aCYBR CRIMES _918351 |
||
| 650 |
_aCYBER CRIMINALS _918352 |
||
| 942 |
_2ddc _cBK |
||
| 999 |
_c6805 _d6805 |
||